000 00859nam a2200241 a 4500
001 44430
003 BD-RjUL
005 20211209053846.0
008 160717s1976 bg ||||| |||| 00| 0 ben d
020 _c: Tk. 3.00
035 _a(BD-RjUL)44548
040 _aBD-RjUL
_bben
_cBD-RjUL
041 _aben
082 _223
_a297.09
_bUDK 1976
100 _aউদ্দীন, মোসলেম
_9136374
245 1 0 _aকা'বা শরীফের জন্ম কাহিনী :
_b[দ্রুত পঠন] /
_cমোসলেম উদ্দীন
250 _a১ম সং.
260 _aঢাকা :
_bমডেল পাবলিশিং হাউজ,
_c১৯৭৬
300 _a[৪], ৬৪ পৃ. ;
_c১৯ সেমি.
650 _aইসলাম
_xইতিহাস
_9136375
650 _aIslam
_xHistory
_9136376
942 _2ddc
_cBK
999 _c44430
_d44430